KONSTRUKTORSKO-TECHNOLOGIČESKIJE OSNOVY PROJEKTIROVANIJA POLOSKOVYCH MIKROSCHEM /

Uloženo v:
Podrobná bibliografie
Hlavní autor: Bušminskij, Igor Petrovič
Médium: Kniha
Jazyk:ruština
Vydáno: Moskva : Radio i svjaz, 1987
On-line přístup: Získat plný text
Tagy: Přidat tag
Žádné tagy, Buďte první, kdo vytvoří štítek k tomuto záznamu!

MARC

LEADER 00000nam a2200000 4500
003 SK-BrCVT
005 20220617120518.0
008 880101s1987 rur e ||||||rus d
035 |a CVTIDW0871877 
040 |b slo  |a CVTI SR 
041 0 |a rus 
044 |a rur 
080 |a 621.3.049.776  |2 UDC-MRF 
100 1 |a Bušminskij, Igor Petrovič 
242 1 0 |a KONŠTRUKTÉRSKO-TECHNOLOGICKÉ ZÁKLADY PROJEKTOVANIA PÁSKOVÝCH MIKROSCHÉM 
245 1 0 |a KONSTRUKTORSKO-TECHNOLOGIČESKIJE OSNOVY PROJEKTIROVANIJA POLOSKOVYCH MIKROSCHEM /  |c Avtory: Igor Petrovič Bušminskij a kol. 
260 |a Moskva :  |b Radio i svjaz,  |c 1987 
300 |a 270 S. :  |b grafy, lit., obr., tab. ; 
692 |a Pc Sm KO 
910 |b A486422 
974 |f Knihy 
992 |a APP 
999 |c 20104  |d 20104